Informačné krytie znaleckej činnosti v prostredí IAS/IFRS

Aplikácia IAS/IFRS v slovenských účtovných právnych normách. Dôsledky harmonizácie pre používateľov systému účtovníctva SR. Vykazovanie položiek účtovnej závierky podľa IAS/IFRS. Príklady. Informačné zdroje pre znaleckú činnosť. Riešenia pre znaleckú prax.

Uložené v:
Podrobná bibliografia
Hlavný autor: Džupinka, Miroslav
Médium: Kapitola
Jazyk:Slovak
Predmet:
Tagy: Pridať tag
Žiadne tagy, Buďte prvý, kto otaguje tento záznam!

MARC

LEADER 00000naa$a2200000$$$4500
001 0045164
005 20221207085005.3
041 0 |a slo 
044 |a SK 
245 1 0 |a Informačné krytie znaleckej činnosti v prostredí IAS/IFRS  |c Miroslav Džupinka 
520 |a Aplikácia IAS/IFRS v slovenských účtovných právnych normách. Dôsledky harmonizácie pre používateľov systému účtovníctva SR. Vykazovanie položiek účtovnej závierky podľa IAS/IFRS. Príklady. Informačné zdroje pre znaleckú činnosť. Riešenia pre znaleckú prax. 
610 2 0 |a ohodnocovanie podniku 
610 2 0 |a výkazy účtovné 
610 2 0 |a štandardy účtovné medzinárodné 
610 2 0 |a závierka účtovná 
610 2 0 |a zisk 
610 2 0 |a strata 
610 2 0 |a výsledovka 
610 2 0 |a zdroje informácií 
610 2 0 |a IFRS 
100 1 |a Džupinka, Miroslav